Sistema de información automatizado de administración de recursos financieros, materiales y humanos para los proyectos publicitarios ejecutados por EISOMEDIA.
El presente trabajo brinda a la empresa EISOMEDIA S.A una herramienta de apoyo en la gestión y control de sus procesos de administración de proyectos y recursos como es analizar, diseñar un sistema de información bajo herramientas de Software libre.
| Main Authors: | , |
|---|---|
| Other Authors: | |
| Format: | Tesis Section = Libro |
| Language: | Undetermined Spanish |
| Published: |
Managua
UNI
2013
|
| Subjects: |
| LEADER | 01228nam a2200253Ia 4500 | ||
|---|---|---|---|
| 008 | 240830s9999 xx 000 0 und d | ||
| 040 | |a BIBLIOTECA-RUPAP Mon 025.04 Ch512 | ||
| 041 | |a spa | ||
| 082 | |a Mon 025.04 Ch512 | ||
| 100 | 1 | |a Chavarría González, Jenniffer Elizabeth | |
| 100 | 1 | |b Flores González, Hezel Massiel | |
| 245 | 1 | 0 | |a Sistema de información automatizado de administración de recursos financieros, materiales y humanos para los proyectos publicitarios ejecutados por EISOMEDIA. |
| 260 | |a Managua |b UNI |c 2013 | ||
| 300 | |a 110 p. :il. | ||
| 500 | |a Contiene: anexos e Incluye: CD. | ||
| 502 | |a Tesis (Ingeniero de Sistemas)- UNI, 2013. | ||
| 520 | 3 | |a El presente trabajo brinda a la empresa EISOMEDIA S.A una herramienta de apoyo en la gestión y control de sus procesos de administración de proyectos y recursos como es analizar, diseñar un sistema de información bajo herramientas de Software libre. | |
| 650 | 7 | |a SISTEMA DE INFORMACION AUTOMATIZADO | |
| 650 | 7 | |b SISTEMA DE ALMACENAMIENTO Y RECUPERACION DE INFORMACION - DATOS - EMPRESA EISOMEDIA | |
| 650 | 7 | |c REDES DE DSITRIBUCION | |
| 700 | 1 | |a Tutor: |b Membreño Gudiel, Yasser Ronald | |
| 942 | |c BK |2 ddc | ||
| 991 | |a TESIS | ||
| 999 | |c 15370 | ||